000 00762nam a22002417a 4500
001 48632
003 BD-RjUL
005 20211209054545.0
008 160814s1958 bg ||||| |||| 00| 0 ben d
020 _c: TK 1.50
035 _a(BD-RjUL)48751
040 _aBD-RjUL
_bben
_cBD-RjUL
041 _aben
082 _223
_a891.442
_bUDP 1958
100 _aউদদীন, জসীম
_9146864
245 1 0 _aপদ্মাপার /
_c জসীম উদদীন
250 _a২য় সং
260 _aঢাকা :
_bসেখ মনিরুদ্দীন,
_c১৯৫৮
300 _a৮৭ পৃ. ;
_c১৭ সেমি.
650 _aবাংলা নাটক
_9146865
650 _aBengali Drama
_9146866
942 _2ddc
_cBK
999 _c48632
_d48632